Danse avec les stars - Candidats.es influenceurs.euses - Statistiques

Statistiques générales
  • Ce quiz a été pris 152 fois
    69 depuis la dernière actualisation
  • Le résultat moyen est 7 sur 13
Statistiques - réponses
Partenaires Candidats.es % Correct
Elsa Bois Saison 11 Michou
90%
Marie Denigot Saison 15 Marcus
88%
Adrien Caby Saison 15 Maghla
87%
Jordan Mouillerac Saison 15 Juju Fitcats
75%
Yann-Alrick Mortreuil Saison 6 EnjoyPhoenix
62%
Inès Vandamme Saison 13 Nico Capone
58%
Ana Riera Saison 13 Roman Doduik
57%
Jordan Mouillerac Saison 11 Bilal Hassani
43%
Christophe Licata Saison 12 Léa Elui
42%
Joël Luzolo Saison 11 Lola Dubini
28%
Jordan Mouillerac Saison 9 Carla Ginola
27%
Maxime Dereymez Saison7 Caroline Receveur
20%
Candice Pascal Saison 10 Hugo Philip
8%
Aucun quiz correspondant
Distribution des résultats
% des personnes avec chaque résultat
Percentile par nombre de réponses
Votre historique - résultats
Vous n’avez pas pris ce quiz depuis la dernière actualisation